00405nam a2200133Ia 4500008004100000020001500041041001200056082001900068100001800087245007800105260003300183300001200216650004300228231217s9999 xx 000 0 und d a025625348x aEnglish a001.64 BAH;70 aBahrami, Ali. 0aObject oriented systems development : using the unified modeling language c1999bMcGraw-HillaSingapore axx, 411 aObject,oriented,using,unified,modeling